Neurología (Registro nro. 25597)

Detalles MARC
000 -CABECERA
Longitud fija campo de control 01919nam a2200205 a 4500
003 - • IDENTIFICADOR DELl NÚMERO DE CONTROL
Identificador del número de control CO-ViMGA
008 - • CÓDIGOS DE INFORMACIÓN DE LONGITUD FIJA
Códigos de información de longitud fija 141112s2004 ck r 000 u spa d
020 ## - • NÚMERO INTERNACIONAL NORMALIZADO PARA LIBROS
Número Internacional Normalizado para Libros (ISBN) 9589400590
040 ## - FUENTE DE LA CATALOGACIÓN
Centro catalogador de origen CO-ViMGA
Lengua de catalogación spa
Centro transcriptor CO-ViMGA
082 04 - • NÚMERO DE LA CLASIFICACIÓN DECIMAL DEWEY
Número de clasificación (R) 616.6 U741 6ed
100 1# - • PUNTO DE ACCESO PRINCIPAL-NOMBRE DE PERSONA
Nombre de persona Uribe Uribe, Carlos Santiago; Arana Chacón, Abraham; Lorenzana Pombo, Pablo
245 10 - • TITULO PROPIAMENTE DICHO
Título Neurología
300 ## - • DESCRIPCIÓN FÍSICA
Extensión 606.p.
490 ## - • MENCIÓN DE SERIE
Mención de serie Fundamentos de medicina
505 ## - • NOTA DE CONTENIDO CON FORMATO
Nota de contenido con formato Enfoque neurologico del paciente Grandes sindromes neurologicos Electrodiagnostico - EEG, PE, EMG Y estimulación magnética EMa Neuro - imagenologia El liquido cefaloraquideo - LCR Funciones mentales superiores Trastornos de la conciencia Demencias Trastornos del lenguaje Dolor Neuropático Cefaleas y dolor craneofaciaL Neuroftalmologia Infecciones virales del sistema nervioso central Infecciones bacterianas del sistema nervioso central Infecciones micóticas del SNC Trastornos del sueño Neuroparasitosis Neurosifilis Manifestaciones neurológicas del sida Enfermedades causadas por priones Neurocisticercosis Epilepsias Síndromes que simulan epilepsia Enfermedad cerebrovascular oclusiva y trombosis venosa cerebrales Enfermedad cerebrovascular hemorragica Neuropatías perifericas y síndrome de Guillain Barre Enfermedades de la unión neuromuscular , el musculo y la motoneurona Enfermedades desmielinizantes y dismielinizantes Trastornos del movimiento Enfermedad de Parkinson Mielopatías - agudas y crónicas Síndrome de hipertensión endocraneana Tumores del sistema nervioso central Trastornos del sistema nervioso autónomo Síndromes neurocutáneos Enfermedades sistemicas y metabólicas Síndrome paraneoplasicos - manifestaciones neurológicas Vertigo Neurotoxicología Muerte cerebral - trasplante de organos Escalas neurológicas - práctica clínica
650 14 - • PUNTO DE ACCESO ADICIONAL DE MATERIA - TÉRMINO DE MATERIA
Término de materia o nombre geográfico como elemento inicial NEUROLOGIA
942 ## - ENTRADA DE ELEMENTOS AGREGADOS (KOHA)
Fuente de clasificaión o esquema Dewey Decimal Classification
Koha [por defecto] tipo de item LIbro
Existencias
Perdido Fuente de clasificación o esquema Estado Físico No para préstamo Forma de adquisición Localización permanente Localización actual Fecha adquisición Serie de enumeración / cronolog&íacute;a Préstamos totales Signatura completa Código de barras Fecha última consulta Número de copia Fecha del precio de reemplazo Tipo de item de Koha
  Dewey Decimal Classification     Sala Especializada Tercer Piso Biblioteca Pública Germán Arciniegas - Villavicencio Biblioteca Pública Germán Arciniegas - Villavicencio 12/04/2015 Volumen. 1 | 11/jun/2009   616.6 U741 6ed 15231 12/04/2015 Ej. 1 12/04/2015 LIbro









Instituto Departamental de Cultura del Meta - Red Departamental de Bibliotecas Públicas del Meta.